Normal view
MARC view
- Philip Guedalla
Entry Personal Name
001 - CONTROL NUMBER
- control field: 50508
003 - CONTROL NUMBER IDENTIFIER
- control field: NUST
005 - DATE AND TIME OF LATEST TRANSACTION
- control field: 20210314134646.0
008 - FIXED-LENGTH DATA ELEMENTS
- fixed length control field: 210314|| aca||aabn | a|a d
040 ## - CATALOGING SOURCE
- Original cataloging agency: NUST
- Transcribing agency: NUST
100 ## - HEADING--PERSONAL NAME
- Personal name: Philip Guedalla
670 ## - SOURCE DATA FOUND
- Source citation: Work cat.: (NUST): Philip Guedalla, The Duke Philip Guedalla, 1931
